[Event "Final 84 Campeonato Argentino"]
[Site "La Plata, ARG"]
[Date "2009.05.11"]
[Round "1"]
[White "Flores, Diego"]
[Black "Mareco, Sandro"]
[Result "1-0"]
[WhiteElo "2585"]
[BlackElo "2512"]
[PlyCount "65"]
[EventDate "2009.??.??"]

1. c4 Nf6 2. Nf3 e6 3. g3 d5 4. b3 c5 5. Bg2 Be7 6. O-O O-O 7. e3 Nc6 8. Qe2 b6
9. Nc3 Re8 10. Rd1 Ba6 11. d3 Rc8 12. Bb2 Qc7 13. Nh4 Qd7 14. Rf1 d4 15. Nd1
dxe3 16. fxe3 Bb7 17. Nf2 Rcd8 18. Rad1 Nb4 19. Nf3 Qc8 20. a3 Nc6 21. Ng5 h6
22. Nxf7 Kxf7 23. Ne4 Kg8 24. Rxf6 gxf6 25. Nxf6+ Bxf6 26. Bxf6 Re7 27. Qg4+
Kf8 28. Qg6 Rf7 29. Rf1 Rdd7 30. Be4 Nd8 31. Qxh6+ Ke8 32. Bg6 Rde7 33. Bxe7
1-0

[Event "Final 84 Campeonato Argentino"]
[Site "La Plata, ARG"]
[Date "2009.05.11"]
[Round "1"]
[White "Slipak, Sergio"]
[Black "Lafuente, Pablo"]
[Result "1/2-1/2"]
[WhiteElo "2446"]
[BlackElo "2517"]
[PlyCount "69"]
[EventDate "2009.??.??"]

1. d4 Nf6 2. c4 e6 3. Nf3 b6 4. g3 Ba6 5. Qc2 Bb4+ 6. Bd2 Be7 7. e4 d5 8. cxd5
Bxf1 9. Kxf1 exd5 10. e5 Ne4 11. Nc3 Nxd2+ 12. Qxd2 Qd7 13. Kg2 Nc6 14. Rac1
Nd8 15. h4 O-O 16. Ne2 Ne6 17. Ng5 c5 18. Qd3 Bxg5 19. hxg5 Nxg5 20. dxc5 bxc5
21. Rxc5 Rfd8 22. Nd4 h6 23. Qf5 Qb7 24. Rh4 Re8 25. b4 Ne6 26. Nxe6 Rxe6 27.
Rd4 Rae8 28. f4 f6 29. exf6 Rxf6 30. Qxd5+ Qxd5+ 31. Rdxd5 Re2+ 32. Kf3 Rxa2
33. Ra5 Rb2 34. Rxa7 Rb3+ 35. Kf2 1/2-1/2

[Event "Final 84 Campeonato Argentino"]
[Site "La Plata, ARG"]
[Date "2009.05.11"]
[Round "1"]
[White "Valerga, Diego"]
[Black "Claverie, Raul"]
[Result "1/2-1/2"]
[WhiteElo "2523"]
[BlackElo "2374"]
[PlyCount "53"]
[EventDate "2009.??.??"]

1. d4 e6 2. Nf3 f5 3. g3 Nf6 4. Bg2 d5 5. c4 c6 6. O-O Bd6 7. b3 Qe7 8. Qc2 Ne4
9. Ne5 Nd7 10. Nd3 Qf6 11. Nd2 Nxd2 12. Qxd2 Qxd4 13. Bb2 Qg4 14. Qe3 Kf7 15.
Bf3 Qg6 16. Nf4 Bxf4 17. Qxf4 Rf8 18. cxd5 exd5 19. e4 dxe4 20. Bxe4 Kg8 21.
Bf3 Nf6 22. Rfe1 Ne4 23. Bxe4 fxe4 24. Qxe4 Qxe4 25. Rxe4 Bf5 26. Re7 Rf7 27.
Rae1 1/2-1/2

[Event "Final 84 Campeonato Argentino"]
[Site "La Plata, ARG"]
[Date "2009.05.11"]
[Round "1"]
[White "Felgaer, Ruben"]
[Black "Peralta, Fernando"]
[Result "1/2-1/2"]
[WhiteElo "2564"]
[BlackElo "2559"]
[PlyCount "43"]
[EventDate "2009.??.??"]

1. e4 d6 2. d4 Nf6 3. Nc3 g6 4. f4 Bg7 5. Nf3 O-O 6. Bd3 Na6 7. O-O c5 8. d5
Bg4 9. Kh1 Rb8 10. h3 Bxf3 11. Rxf3 Nc7 12. a4 Nd7 13. Bc4 a6 14. Qd3 Qc8 15.
a5 b5 16. axb6 Nxb6 17. Bxa6 Nxa6 18. Qxa6 Ra8 19. Qxc8 Rfxc8 20. Rb1 Bxc3 21.
Rxc3 Ra4 22. b4 1/2-1/2

[Event "Final 84 Campeonato Argentino"]
[Site "La Plata, ARG"]
[Date "2009.05.11"]
[Round "1"]
[White "Lujan, Carolina"]
[Black "Orsini, Antonio"]
[Result "1/2-1/2"]
[WhiteElo "2360"]
[BlackElo "2352"]
[PlyCount "62"]
[EventDate "2009.??.??"]

1. e4 e6 2. d4 d5 3. Nc3 Nf6 4. Bg5 Bb4 5. e5 h6 6. Bd2 Bxc3 7. bxc3 Ne4 8. Qg4
g6 9. Qf4 c5 10. Bd3 Bd7 11. Bxe4 dxe4 12. Ne2 Bc6 13. Be3 Qd5 14. O-O g5 15.
Qg4 Nd7 16. Qh5 Rh7 17. Bxg5 Nxe5 18. dxe5 Qxe5 19. h4 Rh8 20. Ng3 hxg5 21.
Qxg5 Qxg5 22. hxg5 O-O-O 23. Rfe1 Rh4 24. Re2 Rg8 25. Rae1 Rxg5 26. Nxe4 Rg7
27. f3 b6 28. Kf2 Bd5 29. a3 Kc7 30. Nf6 Bc6 31. Ng4 Rh8 1/2-1/2

[Event "Final 84 Campeonato Argentino"]
[Site "La Plata, ARG"]
[Date "2009.05.12"]
[Round "2"]
[White "Mareco, Sandro"]
[Black "Felgaer, Ruben"]
[Result "1-0"]
[WhiteElo "2512"]
[BlackElo "2564"]
[PlyCount "99"]
[EventDate "2009.??.??"]

1. d4 d5 2. c4 c6 3. Nf3 Nf6 4. Nc3 dxc4 5. a4 Bf5 6. Ne5 Nbd7 7. Nxc4 Nb6 8.
Ne5 a5 9. g3 e6 10. Bg2 Bb4 11. O-O O-O 12. e3 h6 13. Qe2 Bh7 14. Rd1 Nfd7 15.
Nd3 Qe7 16. e4 Rfd8 17. Bf4 Bd6 18. Be3 Nc4 19. Bc1 e5 20. d5 Ncb6 21. Be3 Nc4
22. Bc1 Ncb6 23. b3 Nc5 24. Be3 Nbd7 25. Nxc5 Bxc5 26. Rac1 Bxe3 27. Qxe3 Qb4
28. dxc6 bxc6 29. Ne2 Nf8 30. Rxd8 Rxd8 31. f3 Ne6 32. Rxc6 Qe1+ 33. Bf1 Nd4
34. Rc5 f6 35. Qd3 Qb4 36. Rb5 Qe1 37. Nxd4 exd4 38. Qe2 Qc3 39. Qc4+ Kf8 40.
Qxc3 dxc3 41. Rc5 g5 42. Rxc3 g4 43. Rc6 Kg7 44. Rc7+ Kh8 45. fxg4 Bxe4 46. Rc5
Rd1 47. Kf2 Rb1 48. Bc4 Rb2+ 49. Ke3 Bc2 50. Rxa5 1-0

[Event "Final 84 Campeonato Argentino"]
[Site "La Plata, ARG"]
[Date "2009.05.12"]
[Round "2"]
[White "Claverie, Raul"]
[Black "Flores, Diego"]
[Result "1/2-1/2"]
[WhiteElo "2374"]
[BlackElo "2585"]
[PlyCount "36"]
[EventDate "2009.??.??"]

1. e4 c5 2. g3 Nc6 3. Bg2 g6 4. d3 Bg7 5. c3 e5 6. Nf3 Nge7 7. O-O O-O 8. a3 a5
9. a4 h6 10. Na3 b6 11. Nb5 d6 12. Re1 Na7 13. Na3 Kh7 14. d4 exd4 15. cxd4
Nac6 16. d5 Nb4 17. Nb5 Ba6 18. Ra3 Bxb5 1/2-1/2

[Event "Final 84 Campeonato Argentino"]
[Site "La Plata, ARG"]
[Date "2009.05.12"]
[Round "2"]
[White "Peralta, Fernando"]
[Black "Slipak, Sergio"]
[Result "1/2-1/2"]
[WhiteElo "2559"]
[BlackElo "2446"]
[PlyCount "89"]
[EventDate "2009.??.??"]

1. d4 Nf6 2. c4 e6 3. Nc3 Bb4 4. e3 b6 5. Nge2 Ba6 6. Ng3 Bxc3+ 7. bxc3 d5 8.
Ba3 Bxc4 9. Bxc4 dxc4 10. e4 Qd7 11. Rb1 Nc6 12. O-O O-O-O 13. Re1 h5 14. Nf1
h4 15. h3 Rh6 16. Nd2 Rg6 17. Qf3 Nh7 18. Qe3 f5 19. Nf3 Nf6 20. d5 exd5 21.
Nxh4 Rh6 22. Nxf5 Rhh8 23. exd5 Qxd5 24. Ne7+ Nxe7 25. Bxe7 Rde8 26. Qf4 Qc6
27. Bxf6 gxf6 28. Rbd1 Kb7 29. Rxe8 Rxe8 30. Rd4 b5 31. a4 a6 32. axb5 axb5 33.
h4 Re5 34. Qg4 f5 35. Qg8 Qh6 36. Qg3 Re4 37. Rxe4 fxe4 38. Qe5 b4 39. cxb4
Qc1+ 40. Kh2 c3 41. Qb5+ Ka7 42. Qc5+ Kb7 43. Qb5+ Ka7 44. Qc5+ Kb7 45. Qb5+
1/2-1/2

[Event "Final 84 Campeonato Argentino"]
[Site "La Plata, ARG"]
[Date "2009.05.12"]
[Round "2"]
[White "Orsini, Antonio"]
[Black "Valerga, Diego"]
[Result "1-0"]
[WhiteElo "2352"]
[BlackElo "2523"]
[PlyCount "79"]
[EventDate "2009.??.??"]

1. e4 c5 2. Nf3 Nc6 3. Nc3 d6 4. d4 cxd4 5. Nxd4 Nf6 6. f3 e5 7. Nb3 Be7 8. Be3
O-O 9. Qd2 a5 10. Bb5 Na7 11. Bd3 Nc6 12. Bb5 Be6 13. Bd3 Na7 14. Rd1 Nc8 15.
O-O Nb6 16. Qf2 Nfd7 17. a3 Nc4 18. Bxc4 Bxc4 19. Rfe1 f5 20. exf5 Rxf5 21. Nd2
Be6 22. Nde4 Ra6 23. b4 axb4 24. axb4 Rc6 25. Qd2 Nb6 26. Nc5 Bf7 27. b5 Nc4
28. Qd3 e4 29. Qxe4 Rcxc5 30. Bxc5 Re5 31. Qxb7 Rxe1+ 32. Rxe1 Bf6 33. Bb4 h6
34. Ra1 Bd4+ 35. Kh1 Qf6 36. Ra8+ Kh7 37. Qe4+ Bg6 38. Nd5 Qg5 39. Qxd4 Qc1+
40. Qg1 1-0

[Event "Final 84 Campeonato Argentino"]
[Site "La Plata, ARG"]
[Date "2009.05.12"]
[Round "2"]
[White "Perez Ponsa, Federico"]
[Black "Lujan, Carolina"]
[Result "1-0"]
[WhiteElo "2389"]
[BlackElo "2360"]
[PlyCount "111"]
[EventDate "2009.??.??"]

1. e4 c5 2. Nf3 Nc6 3. Nc3 e6 4. d4 cxd4 5. Nxd4 Nf6 6. Be2 Qc7 7. f4 d6 8. Be3
a6 9. O-O Be7 10. Kh1 O-O 11. Qe1 Nxd4 12. Bxd4 b5 13. Qg3 Bb7 14. a3 Ne8 15.
Bd3 f6 16. Qh3 Qc8 17. Qh5 Nc7 18. Rae1 Qe8 19. Qh3 e5 20. Bb6 Bd8 21. f5 Bc6
22. Be2 Rb8 23. Bh5 Qd7 24. Ba5 Na8 25. Bxd8 Rfxd8 26. Na2 Nb6 27. Nb4 a5 28.
Bg6 h6 29. Nd3 Qb7 30. Qh4 Nd7 31. Nf2 d5 32. Ng4 Kf8 33. Re3 d4 34. Re2 Ke7
35. Nf2 b4 36. axb4 axb4 37. Qg3 b3 38. Bh5 Rg8 39. Rfe1 Ba4 40. c3 dxc3 41.
Qxc3 Qb4 42. Qg3 Bb5 43. Re3 Bc4 44. Rc3 Nb6 45. Rec1 Rbc8 46. Qg6 Rgf8 47. Nd3
Qd6 48. Qg3 Qd4 49. Nb4 Qxe4 50. Bf3 Qxf5 51. Qf2 Qe6 52. Nc6+ Kf7 53. Qxb6 e4
54. Qb7+ Kg6 55. Bxe4+ f5 56. Ne7+ 1-0

[Event "Final 84 Campeonato Argentino"]
[Site "La Plata, ARG"]
[Date "2009.05.12"]
[Round "2"]
[White "Alonso, Salvador"]
[Black "Lafuente, Pablo"]
[Result "1/2-1/2"]
[WhiteElo "2489"]
[BlackElo "2517"]
[PlyCount "127"]
[EventDate "2009.??.??"]

1. e4 e5 2. Nf3 Nc6 3. Bb5 a6 4. Ba4 Nf6 5. O-O Be7 6. Re1 b5 7. Bb3 d6 8. c3
O-O 9. h3 Nb8 10. d4 Nbd7 11. Nbd2 Bb7 12. Bc2 c5 13. d5 g6 14. b3 Nh5 15. Nf1
Ng7 16. g4 h5 17. Ng3 Nf6 18. Nh2 Bc8 19. Kg2 Bd7 20. Be3 Qc8 21. f3 Nh7 22.
Qd2 Bh4 23. Rg1 Bxg3 24. Kxg3 f5 25. exf5 gxf5 26. Kg2 Qd8 27. Kh1 hxg4 28.
hxg4 f4 29. Bf2 Ng5 30. Bh4 Qf6 31. Kg2 Kf7 32. Qf2 Rh8 33. Rh1 Rag8 34. Nf1
Bf5 35. b4 Bxc2 36. Bxg5 Qxg5 37. Qxc2 Rxh1 38. Kxh1 Rc8 39. Qf2 Ne8 40. a4 Nf6
41. axb5 axb5 42. Ra7+ Kg6 43. Ra6 cxb4 44. cxb4 e4 45. Rxd6 e3 46. Qb2 Kf7 47.
Ra6 Qh4+ 48. Kg1 Rg8 49. Ra7+ Kg6 50. Qc2+ Kh6 51. Ra6 Rg6 52. Re6 Kg7 53. d6
Rg5 54. Qc7+ Kg6 55. Qc2+ Kg7 56. Re7+ Kh6 57. Re6 Rd5 58. Qb2 Kg7 59. Re7+ Kg6
60. Qc2+ Kh6 61. Re6 Kg7 62. Re7+ Kh6 63. Re6 Kg7 64. Re7+ 1/2-1/2

[Event "Final 84 Campeonato Argentino"]
[Site "La Plata, ARG"]
[Date "2009.05.13"]
[Round "3"]
[White "Lujan, Carolina"]
[Black "Alonso, Salvador"]
[Result "0-1"]
[WhiteElo "2360"]
[BlackElo "2489"]
[PlyCount "72"]
[EventDate "2009.??.??"]

1. e4 c5 2. Nf3 d6 3. g3 Nc6 4. Bg2 g6 5. d3 Bg7 6. O-O e5 7. Bg5 Nge7 8. Qd2
O-O 9. Bh6 f6 10. Bxg7 Kxg7 11. a4 Be6 12. Na3 Qd7 13. Nc4 Rad8 14. Rfe1 Rfe8
15. Qc1 d5 16. exd5 Nxd5 17. a5 Ndb4 18. Ne3 Qc7 19. h4 Nxa5 20. Nh2 f5 21. Nf3
Nac6 22. b3 a6 23. Qb2 Nd4 24. Rac1 b5 25. Kh2 Bc8 26. Nf1 Qd6 27. N1d2 Qf6 28.
Kh1 Bb7 29. Re3 Re7 30. c3 f4 31. cxd4 fxe3 32. dxe5 Qf5 33. g4 Qxg4 34. e6+
Kg8 35. fxe3 Nxd3 36. Qf6 Qxe6 0-1

[Event "Final 84 Campeonato Argentino"]
[Site "La Plata, ARG"]
[Date "2009.05.13"]
[Round "3"]
[White "Slipak, Sergio"]
[Black "Mareco, Sandro"]
[Result "1/2-1/2"]
[WhiteElo "2446"]
[BlackElo "2512"]
[PlyCount "72"]
[EventDate "2009.??.??"]

1. Nf3 Nf6 2. c4 e6 3. Nc3 Bb4 4. g3 O-O 5. Bg2 c5 6. O-O Qe7 7. d3 Nc6 8. e4
d6 9. Nh4 a6 10. f4 Ne8 11. f5 Ne5 12. Kh1 b5 13. cxb5 axb5 14. f6 Nxf6 15. Bg5
Rb8 16. Ne2 Ned7 17. d4 h6 18. Bf4 cxd4 19. Nxd4 Bb7 20. Nc2 Bc5 21. b4 Nxe4
22. bxc5 Ndxc5 23. Be3 d5 24. Nd4 Kh7 25. Rc1 g6 26. Nb3 Nxb3 27. Qxb3 d4 28.
Bxd4 Nd2 29. Bc5 Bxg2+ 30. Nxg2 Nxb3 31. Bxe7 Nxc1 32. Bxf8 Nxa2 33. Bd6 Rb7
34. Ne3 f5 35. Ra1 Nc3 36. Ra8 Ne4 1/2-1/2

[Event "Final 84 Campeonato Argentino"]
[Site "La Plata, ARG"]
[Date "2009.05.13"]
[Round "3"]
[White "Valerga, Diego"]
[Black "Perez Ponsa, Federico"]
[Result "1/2-1/2"]
[WhiteElo "2523"]
[BlackElo "2389"]
[PlyCount "41"]
[EventDate "2009.??.??"]

1. d4 Nf6 2. c4 g6 3. Nc3 Bg7 4. e4 d6 5. Nf3 O-O 6. Be2 e5 7. O-O Nc6 8. d5
Ne7 9. b4 a5 10. Ba3 axb4 11. Bxb4 Re8 12. c5 dxc5 13. Bxc5 c6 14. dxc6 Qa5 15.
Bxe7 Rxe7 16. Rc1 bxc6 17. Bc4 Ba6 18. Qe2 Nd7 19. Rfd1 Nf8 20. Bxa6 Qxa6 21.
Qxa6 1/2-1/2

[Event "Final 84 Campeonato Argentino"]
[Site "La Plata, ARG"]
[Date "2009.05.13"]
[Round "3"]
[White "Felgaer, Ruben"]
[Black "Claverie, Raul"]
[Result "1-0"]
[WhiteElo "2564"]
[BlackElo "2374"]
[PlyCount "77"]
[EventDate "2009.??.??"]

1. c4 f5 2. g3 Nf6 3. Bg2 g6 4. Nc3 Bg7 5. e3 O-O 6. Nge2 e5 7. O-O a5 8. b3 e4
9. d3 exd3 10. Qxd3 Na6 11. Bb2 Nc5 12. Qc2 d6 13. a3 Ng4 14. b4 axb4 15. axb4
Rxa1 16. Bxa1 Na6 17. Qb3 Kh8 18. Rd1 b6 19. h3 Nf6 20. Qa3 Nd7 21. Nd5 Rf7 22.
Bxg7+ Kxg7 23. Nd4 Ndb8 24. b5 Nc5 25. Qa7 Bb7 26. Nf4 Qc8 27. Nfe6+ Kf6 28.
Bd5 Bxd5 29. cxd5 Re7 30. Qa1 Kf7 31. Nxf5 gxf5 32. Qg7+ Ke8 33. Qg8+ Kd7 34.
Nf8+ Kd8 35. Nxh7+ Re8 36. Qg5+ Re7 37. Nf6 c6 38. dxc6 Ne6 39. Qg8+ 1-0

[Event "Final 84 Campeonato Argentino"]
[Site "La Plata, ARG"]
[Date "2009.05.13"]
[Round "3"]
[White "Flores, Diego"]
[Black "Orsini, Antonio"]
[Result "1-0"]
[WhiteElo "2585"]
[BlackElo "2352"]
[PlyCount "63"]
[EventDate "2009.??.??"]

1. d4 Nf6 2. c4 g6 3. Nc3 Bg7 4. e4 d6 5. Nf3 O-O 6. Be2 Na6 7. O-O e5 8. Re1
Qe8 9. Bf1 Bg4 10. d5 Nh5 11. h3 Bd7 12. a3 Nc5 13. b4 Na4 14. Nb5 Bxb5 15.
cxb5 Nb6 16. Be3 Qe7 17. Rc1 h6 18. a4 Rac8 19. a5 Nd7 20. Bxa7 f5 21. exf5
gxf5 22. Nd4 Nf4 23. g3 Qg5 24. Ne6 Nxe6 25. dxe6 Nf6 26. b6 f4 27. Qb3 Kh8 28.
a6 Nh5 29. g4 Nf6 30. axb7 Nxg4 31. hxg4 Qxg4+ 32. Bg2 1-0

[Event "Final 84 Campeonato Argentino"]
[Site "La Plata, ARG"]
[Date "2009.05.14"]
[Round "4"]
[White "Claverie, Raul"]
[Black "Slipak, Sergio"]
[Result "1/2-1/2"]
[WhiteElo "2374"]
[BlackElo "2446"]
[PlyCount "20"]
[EventDate "2009.??.??"]

1. e4 d5 2. exd5 Nf6 3. Nf3 Nxd5 4. d4 g6 5. g3 Bg7 6. Bg2 O-O 7. O-O c6 8.
Nbd2 Nd7 9. Ne4 N7f6 10. Nc5 Nd7 1/2-1/2

[Event "Final 84 Campeonato Argentino"]
[Site "La Plata, ARG"]
[Date "2009.05.14"]
[Round "4"]
[White "Alonso, Salvador"]
[Black "Peralta, Fernando"]
[Result "1/2-1/2"]
[WhiteElo "2489"]
[BlackElo "2559"]
[PlyCount "61"]
[EventDate "2009.??.??"]

1. e4 d6 2. d4 Nf6 3. Nc3 g6 4. Nf3 Bg7 5. h3 O-O 6. Be3 c6 7. Bd3 Nbd7 8. O-O
e5 9. Re1 Qe7 10. Qd2 b5 11. dxe5 dxe5 12. a4 b4 13. Ne2 a5 14. Ng3 Nc5 15.
Bxc5 Qxc5 16. Qe2 Ne8 17. Nf1 Nc7 18. N1d2 Ne6 19. Nb3 Qe7 20. Qe3 Re8 21. Rad1
Qc7 22. Bc4 Bf6 23. Rd2 Rd8 24. Red1 Rxd2 25. Rxd2 Be7 26. h4 h5 27. g3 Kg7 28.
Qd3 Ra7 29. Qe3 Ra8 30. Qd3 Ra7 31. Qe3 1/2-1/2

[Event "Final 84 Campeonato Argentino"]
[Site "La Plata, ARG"]
[Date "2009.05.14"]
[Round "4"]
[White "Mareco, Sandro"]
[Black "Lafuente, Pablo"]
[Result "1/2-1/2"]
[WhiteElo "2512"]
[BlackElo "2517"]
[PlyCount "71"]
[EventDate "2009.??.??"]

1. d4 Nf6 2. c4 e6 3. Nc3 Bb4 4. e3 c5 5. Bd3 Nc6 6. Nge2 d5 7. O-O dxc4 8.
Bxc4 O-O 9. a3 Bxc3 10. bxc3 Qc7 11. f4 Ne7 12. Bd3 b6 13. Ng3 cxd4 14. cxd4
Nf5 15. Qe2 Qd7 16. Bb2 Bb7 17. e4 Nxd4 18. Qd1 Rfd8 19. e5 Ne8 20. Qb1 h6 21.
Bh7+ Kh8 22. f5 Qd5 23. Rf2 Kxh7 24. fxe6+ Kh8 25. exf7 Nc7 26. Qg6 Nce6 27.
Re1 Nf4 28. Qg4 Nde6 29. Ne4 Nd3 30. Rf6 Nxe1 31. Rxe6 Nd3 32. Rxh6+ gxh6 33.
Qg6 Qxe4 34. Qxh6+ Qh7 35. Qf6+ Qg7 36. Qh4+ 1/2-1/2

[Event "Final 84 Campeonato Argentino"]
[Site "La Plata, ARG"]
[Date "2009.05.14"]
[Round "4"]
[White "Lujan, Carolina"]
[Black "Valerga, Diego"]
[Result "1/2-1/2"]
[WhiteElo "2360"]
[BlackElo "2523"]
[PlyCount "41"]
[EventDate "2009.??.??"]

1. e4 c5 2. Nf3 e6 3. d4 cxd4 4. Nxd4 Nf6 5. Nc3 d6 6. g3 Be7 7. Bg2 O-O 8. O-O
Nc6 9. Be3 Bd7 10. a4 a6 11. h3 Ne5 12. b3 Rc8 13. Nce2 d5 14. f4 Nc6 15. e5
Ne4 16. Nxc6 Bxc6 17. g4 Qa5 18. Nd4 Bd7 19. Bxe4 dxe4 20. c4 Qc3 21. Qe1
1/2-1/2

[Event "Final 84 Campeonato Argentino"]
[Site "La Plata, ARG"]
[Date "2009.05.14"]
[Round "4"]
[White "Perez Ponsa, Federico"]
[Black "Flores, Diego"]
[Result "1/2-1/2"]
[WhiteElo "2389"]
[BlackElo "2585"]
[PlyCount "47"]
[EventDate "2009.??.??"]

1. e4 c5 2. Nf3 e6 3. d4 cxd4 4. Nxd4 a6 5. Nc3 Qc7 6. Be2 Nf6 7. O-O Be7 8. f4
d6 9. Kh1 O-O 10. Be3 Nc6 11. Bf3 Bd7 12. a4 Rab8 13. Qe2 Nxd4 14. Bxd4 e5 15.
Be3 b5 16. axb5 axb5 17. fxe5 dxe5 18. Ra7 Rb7 19. Rfa1 Rfb8 20. Rxb7 Rxb7 21.
Ra8+ Rb8 22. Ra7 Rb7 23. Ra8+ Rb8 24. Ra7 1/2-1/2

[Event "Final 84 Campeonato Argentino"]
[Site "La Plata, ARG"]
[Date "2009.05.16"]
[Round "5"]
[White "Flores, Diego"]
[Black "Lujan, Carolina"]
[Result "1-0"]
[WhiteElo "2585"]
[BlackElo "2360"]
[PlyCount "135"]
[EventDate "2009.??.??"]

1. d4 Nf6 2. c4 g6 3. d5 Bg7 4. Nc3 d6 5. g3 O-O 6. Bg2 e6 7. dxe6 fxe6 8. e3
Nc6 9. Nge2 e5 10. O-O Be6 11. Nd5 Qd7 12. Nec3 Rf7 13. b3 Raf8 14. Nxf6+ Bxf6
15. Bb2 Bg7 16. Ne4 h6 17. Qe2 Bg4 18. f3 Bf5 19. Nf2 Ne7 20. Rad1 Qc8 21. h3
Bd7 22. Kh2 Bc6 23. e4 a6 24. Nd3 Rd8 25. f4 exf4 26. Nxf4 Re8 27. Bxg7 Rxg7
28. Qb2 Kh7 29. Rf2 Reg8 30. Rdf1 Bd7 31. e5 Bc6 32. Bxc6 bxc6 33. exd6 cxd6
34. Qf6 Rf8 35. Qxd6 Nf5 36. Qc5 Rgf7 37. Nd3 Qc7 38. Qe5 Qd8 39. Nc5 Nd6 40.
Rxf7+ Rxf7 41. Ne6 Qe7 42. Rxf7+ Qxf7 43. Nf4 Nf5 44. Qe6 Qg7 45. Qxc6 Qb2+ 46.
Qg2 Qc3 47. Qb7+ Kg8 48. Qc8+ Kh7 49. Qd7+ Ng7 50. Qd3 Qb2+ 51. Qe2 Qd4 52. h4
Nf5 53. Ng2 Qc3 54. Qf2 Nd4 55. Qf7+ Kh8 56. Qf8+ Kh7 57. Qe7+ Kg8 58. Qd8+ Kf7
59. Qd7+ Kf8 60. Nf4 Nf3+ 61. Kg2 Ne1+ 62. Kh3 Qf6 63. Qe6 Qxe6+ 64. Nxe6+ Ke7
65. Nf4 g5 66. hxg5 hxg5 67. Nd5+ Kd6 68. Kg4 1-0

[Event "Final 84 Campeonato Argentino"]
[Site "La Plata, ARG"]
[Date "2009.05.16"]
[Round "5"]
[White "Slipak, Sergio"]
[Black "Orsini, Antonio"]
[Result "1/2-1/2"]
[WhiteElo "2446"]
[BlackElo "2352"]
[PlyCount "112"]
[EventDate "2009.??.??"]

1. d4 Nf6 2. c3 g6 3. Bg5 Bg7 4. Nd2 O-O 5. e3 d6 6. Bc4 Nbd7 7. Bb3 b5 8. Ne2
c5 9. O-O Bb7 10. a4 a6 11. h3 Nb6 12. a5 Nbd7 13. f4 c4 14. Bc2 Nd5 15. Rf3 f5
16. e4 N5f6 17. Ng3 e5 18. Rf1 exd4 19. cxd4 Qc7 20. exf5 Nd5 21. Nf3 Ne3 22.
Qd2 Nxf1 23. Rxf1 Bxf3 24. Rxf3 Qa7 25. Ne2 gxf5 26. Be7 Rfe8 27. Re3 Nf6 28.
Bxd6 Rxe3 29. Qxe3 Re8 30. Be5 Qd7 31. Ng3 Nd5 32. Qf3 Bxe5 33. dxe5 Ne7 34.
Nxf5 Nxf5 35. Qg4+ Kh8 36. Bxf5 Qd4+ 37. Kh2 Rg8 38. Qh4 Rg7 39. e6 Qxb2 40.
Bg4 Qd4 41. f5 c3 42. f6 Qf4+ 43. g3 Qf2+ 44. Kh1 Qf1+ 45. Kh2 Qf2+ 46. Kh1
Rxg4 47. Qxg4 Qf1+ 48. Kh2 Qf2+ 49. Kh1 Qf1+ 50. Kh2 Qf2+ 51. Kh1 Qxf6 52. Qe2
Kg7 53. e7 Qc6+ 54. Kh2 Kf7 55. e8=Q+ Qxe8 56. Qf3+ Kg6 1/2-1/2

[Event "Final 84 Campeonato Argentino"]
[Site "La Plata, ARG"]
[Date "2009.05.16"]
[Round "5"]
[White "Lafuente, Pablo"]
[Black "Claverie, Raul"]
[Result "1-0"]
[WhiteElo "2517"]
[BlackElo "2374"]
[PlyCount "145"]
[EventDate "2009.??.??"]

1. c4 e6 2. g3 f5 3. Bg2 Nf6 4. Nf3 Be7 5. O-O O-O 6. d4 d5 7. b3 c6 8. Ne5 b6
9. Nd2 Bb7 10. Ndf3 Ne4 11. Nd3 Re8 12. Bb2 Nd7 13. Rc1 Rc8 14. e3 Bf6 15. Re1
Qe7 16. Nfe5 Bxe5 17. dxe5 Red8 18. cxd5 cxd5 19. f3 Rxc1 20. Nxc1 Ng5 21. Nd3
Rc8 22. Bd4 Qa3 23. Qd2 Nf7 24. Nf4 Nf8 25. Ra1 Ba6 26. h4 Bb7 27. Bf1 g6 28.
Bb5 Qe7 29. Be2 Qc7 30. Qb2 Nd8 31. b4 Nc6 32. Rc1 Qd8 33. a3 Kf7 34. Kf2 Nd7
35. Rc2 Ncb8 36. Qc1 Rxc2 37. Qxc2 Nc6 38. Qc3 Ncb8 39. b5 Qc8 40. Qxc8 Bxc8
41. Nd3 Bb7 42. Ke1 h6 43. Kd2 g5 44. h5 Kg7 45. Kc3 Kf7 46. Kb4 Kg7 47. a4 a5+
48. Kb3 Kf7 49. Bb2 Nf8 50. Ba3 Nh7 51. Kc3 Nd7 52. Kd4 Ndf8 53. g4 fxg4 54.
fxg4 Nd7 55. Nc1 Nhf8 56. Bd3 Ba8 57. Nb3 Bb7 58. Bd6 Kg7 59. Bc7 Bc8 60. Nxa5
bxa5 61. Bxa5 Nb8 62. Bc7 Nfd7 63. a5 Kf7 64. Bd6 Bb7 65. a6 Bxa6 66. bxa6 Nc6+
67. Kc3 Nb6 68. Bb5 Na7 69. Kb4 d4 70. exd4 Nd5+ 71. Ka5 Nc3 72. Bd7 Nd5 73.
Bc5 1-0

[Event "Final 84 Campeonato Argentino"]
[Site "La Plata, ARG"]
[Date "2009.05.16"]
[Round "5"]
[White "Valerga, Diego"]
[Black "Alonso, Salvador"]
[Result "1-0"]
[WhiteElo "2523"]
[BlackElo "2489"]
[PlyCount "77"]
[EventDate "2009.??.??"]

1. d4 d5 2. c4 c6 3. Nf3 Nf6 4. Nc3 dxc4 5. a4 Bf5 6. Ne5 Nbd7 7. Nxc4 Qc7 8.
Bg5 e5 9. e3 Ne4 10. Bd3 Nxg5 11. Bxf5 exd4 12. exd4 g6 13. h4 gxf5 14. hxg5
Nb6 15. Qe2+ Be7 16. Ne5 Nd7 17. Nf3 O-O-O 18. Kf1 Rde8 19. Qc2 f6 20. Qxf5
fxg5 21. Rxh7 Ref8 22. Rxh8 Rxh8 23. Re1 Rh1+ 24. Ke2 Rxe1+ 25. Kxe1 Qd6 26. d5
Qf6 27. Qxf6 Bxf6 28. dxc6 bxc6 29. Ke2 Nc5 30. Ke3 Kd7 31. g4 a5 32. Ne4 Nxe4
33. Kxe4 Bxb2 34. Nxg5 Kd6 35. Nf3 Kc5 36. Ne5 Bc3 37. g5 Kd6 38. f4 c5 39. g6
1-0

[Event "Final 84 Campeonato Argentino"]
[Site "La Plata, ARG"]
[Date "2009.05.16"]
[Round "5"]
[White "Peralta, Fernando"]
[Black "Mareco, Sandro"]
[Result "1/2-1/2"]
[WhiteElo "2559"]
[BlackElo "2512"]
[PlyCount "58"]
[EventDate "2009.??.??"]

1. d4 Nf6 2. c4 e6 3. Nc3 Bb4 4. e3 O-O 5. Bd3 d5 6. Nf3 c5 7. O-O dxc4 8. Bxc4
Nbd7 9. Bd3 b6 10. Re1 Bb7 11. a3 cxd4 12. exd4 Bxc3 13. bxc3 Qc7 14. c4 Ba6
15. Ne5 Nxe5 16. dxe5 Nd7 17. Qh5 f5 18. exf6 Nxf6 19. Qh4 Rad8 20. Bf1 Qc5 21.
Be3 Qf5 22. h3 Rd7 23. Rad1 Rxd1 24. Rxd1 Qc2 25. Rd6 Qb1 26. Rxe6 Rc8 27. Rxf6
gxf6 28. Qxf6 Qg6 29. Qe7 Qf7 1/2-1/2

[Event "Final 84 Campeonato Argentino"]
[Site "La Plata, ARG"]
[Date "2009.05.16"]
[Round "5"]
[White "Felgaer, Ruben"]
[Black "Perez Ponsa, Federico"]
[Result "1-0"]
[WhiteElo "2564"]
[BlackElo "2389"]
[PlyCount "81"]
[EventDate "2009.??.??"]

1. e4 c5 2. Nf3 d6 3. d4 cxd4 4. Nxd4 Nf6 5. Nc3 a6 6. h3 e6 7. g4 d5 8. exd5
Nxd5 9. Bd2 Bb4 10. Bg2 Nxc3 11. bxc3 Bd6 12. Rb1 Qc7 13. O-O Nd7 14. Qe2 O-O
15. f4 Nc5 16. f5 e5 17. Nb3 Bd7 18. f6 g6 19. c4 e4 20. Kh1 Rfe8 21. Be3 Na4
22. Qd2 Rad8 23. Rbd1 Bc8 24. Qc1 Nc3 25. Rxd6 Rxd6 26. c5 Rde6 27. Bd4 e3 28.
Bxc3 e2 29. Re1 Re3 30. Bd4 Rxh3+ 31. Bxh3 Qg3 32. Qh6 Qxe1+ 33. Kh2 Qg3+ 34.
Kxg3 e1=Q+ 35. Kh2 Re2+ 36. Bg2 Rxg2+ 37. Kxg2 Qe2+ 38. Kg3 Qe1+ 39. Kg2 Qe2+
40. Kg3 Qe1+ 41. Kf4 1-0